| 000 | 00824nam a2200253 i 4500 | ||
|---|---|---|---|
| 001 | 113281 | ||
| 003 | ES-MaACL | ||
| 005 | 20230906185828.0 | ||
| 007 | t| | ||
| 008 | 070222s1992 fr ||||1| fre d | ||
| 020 | _a2-85850-669-8 | ||
| 080 | _a791.43(72) | ||
| 245 | 0 | 3 |
_aLe cinema mexicain / _csous la direction de Paulo Antonio Paranagua ; textes de Nelson Carro ... [et al.]. |
| 260 |
_aParis : _bCentre Georges Pompidou, _c[1992] |
||
| 300 |
_a333 p. : _bil. ; _c24 cm. |
||
| 490 | 1 | _aCinéma-pluriel | |
| 650 | 4 |
_aCine- _zMéxico. _9170938 |
|
| 700 | 1 |
_aParanagua, Paulo Antonio. _988935 |
|
| 700 | 1 |
_aCarro, Nelson. _935823 |
|
| 710 | 2 |
_aCentre Georges Pompidou. _92555 |
|
| 830 | 1 |
_aCinéma-pluriel _9185726 |
|
| 852 |
_aES-MaACL _jE-11587 _z- Biblioteca Jacinto Martínez Lacalle. |
||
| 999 |
_c113281 _d113281 |
||